<?xml version="1.0" encoding="UTF-8"?>
<record
    xmlns:xsi="http://www.w3.org/2001/XMLSchema-instance"
    xsi:schemaLocation="http://www.loc.gov/MARC21/slim http://www.loc.gov/standards/marcxml/schema/MARC21slim.xsd"
    xmlns="http://www.loc.gov/MARC21/slim">

  <leader>00562nam a2200097Ia 4500</leader>
  <controlfield tag="008">160725s9999    xx            000 0 und d</controlfield>
  <datafield tag="100" ind1=" " ind2=" ">
    <subfield code="a">Carreon, Bob James G., Dado, Desiree C., De Guia, Nancy L., De los Trinos, Chona M., Galindez, Mayme L., Guiterrrez, Myrna T. &amp; Lacuna, Aristheo M.</subfield>
  </datafield>
  <datafield tag="245" ind1=" " ind2=" ">
    <subfield code="a">Competencies required by selected de luxe hotels in Metro Manila: basis for an outcomes-based on-the-job training for senior college students.</subfield>
  </datafield>
  <datafield tag="260" ind1=" " ind2=" ">
    <subfield code="b">Kaizen Research Journal College of Business Administration</subfield>
    <subfield code="c">January 2014</subfield>
  </datafield>
  <datafield tag="650" ind1=" " ind2=" ">
    <subfield code="a">BUSINESS ADMINISTRATION</subfield>
  </datafield>
  <datafield tag="999" ind1=" " ind2=" ">
    <subfield code="c">297997</subfield>
    <subfield code="d">297997</subfield>
  </datafield>
</record>
